000 00470nam a2200157 4500
001 118890
003 ES-MaACL
005 20230906191212.0
007 t|
008 070214s1972 sp r ||||1| spa d
100 1 _aPérez Company, Juan Manuel.
_990740
245 1 0 _aConsideraciones sobre cooperativismo /
_cJuan Manuel Pérez Company.
260 _aAlmería :
_b[s.n.],
_c1972 (
_fImp. Granada)
300 _a167 p. ;
_c21 cm.
852 _aES-MaACL
_jC-49413
_bR.84162
999 _c118890
_d118890